The Essence of Software Engineering (Record no. 17126)
[ view plain ]
| 000 -LEADER | |
|---|---|
| fixed length control field | 00609nam a2200121Ia 4500 |
| 008 - FIXED-LENGTH DATA ELEMENTS--GENERAL INFORMATION | |
| fixed length control field | 220615s9999||||xx |||||||||||||| ||und|| |
| 245 #4 - TITLE STATEMENT | |
| Title | The Essence of Software Engineering |
| 546 ## - LANGUAGE NOTE | |
| Language note | English[eng] |
| 650 ## - SUBJECT ADDED ENTRY--TOPICAL TERM | |
| Topical term or geographic name entry element | Software Engineering||Software Development||Software Processes||Software Architectures||Software Management |
| 700 ## - ADDED ENTRY--PERSONAL NAME | |
| Personal name | Gruhn, Volker||Striemer, Rüdiger |
| 856 ## - ELECTRONIC LOCATION AND ACCESS | |
| Uniform Resource Identifier | <a href="https://library.oapen.org/bitstream/20.500.12657/27814/1/1002191.pdf||https://library.oapen.org/bitstream/20.500.12657/27814/1/1002191.pdf||https://library.oapen.org/bitstream/20.500.12657/27814/1/1002191.pdf">https://library.oapen.org/bitstream/20.500.12657/27814/1/1002191.pdf||https://library.oapen.org/bitstream/20.500.12657/27814/1/1002191.pdf||https://library.oapen.org/bitstream/20.500.12657/27814/1/1002191.pdf</a> |
| 942 ## - ADDED ENTRY ELEMENTS (KOHA) | |
| Koha item type | E-Books |
| Withdrawn status | Lost status | Damaged status | Not for loan | Home library | Current library | Date acquired | Total Checkouts | Date last seen | Price effective from | Koha item type |
|---|---|---|---|---|---|---|---|---|---|---|
| Kerala University of Digital Sciences, Innovation and Technology Knowledge Centre | Kerala University of Digital Sciences, Innovation and Technology Knowledge Centre | 15/06/2022 | 15/06/2022 | 15/06/2022 | E-Books |